00594nam a2200205Ia 4500001000700000008004100007035001600048041000800064084001900072100004300091245004500134260002700179300002200206650001200228650003400240650003000274650000800304710000800312856006800320008129221003s1992 xx 000 0 spa d aCENDO_11447 aspa aMU-00050-00006 aCONFEDERACION NACIONAL DE TRABAJADORES 0a8 de marzo :bPor nosotras mismas /cCNT a[S.l. :bs.n.,c1992?] a[1] h. ;c 30 cm aMUJERES 0aDIA INTERNACIONAL DE LA MUJER 0aIGUALDAD DE OPORTUNIDADES aCNT aCNT uhttps://docpublicos.ccoo.es/cendoc/008129Cnt8Marzo1992.pdfzPDF